000 00342pam a2200157a 44500
008 230515b1980 xxu||||| |||| 00| 0 eng d
020 _aNULL
041 _aENGLISH
082 _a5.133/LET
100 _aLETWIN
245 _aINSIDE OS/2
250 _a1
260 _aDELHI
_bMIR PUBLISHERS
_c1980
300 _aXIV/289
650 _aNULL
999 _c667178
_d667178